000 00307nam a22001337a 4500
008 171101b xxu||||| |||| 00| 0 eng d
020 _a9781573874397
041 _aeng
080 _257 ED
_a339
100 _a59
101 _aTRE
245 _aLIBRARY AND BOOK TRADE ALMNAC
_cDOVE.B
942 _2udc
_cBK
999 _c37070
_d37070